| 000 | 00739nam a22002657a 4500 | ||
|---|---|---|---|
| 003 | UA-OsUOA | ||
| 001 | 32277 | ||
| 007 | ta | ||
| 008 | 20050128b un ||||| |||| 00| 0 ukr d | ||
| 100 | _aУльянова М.И. | ||
| 090 |
_a141.82 _bУ51 |
||
| 942 | _cBK | ||
| 040 |
_aUA-OsUOA _brus _cUA-OsUOA _dUA-OsUOA |
||
| 245 |
_aО Владимире Ильиче Ленине и семье Ульяновых _bВоспоминания. Очерки. Письма |
||
| 300 |
_a384 с. _bІлюстрації |
||
| 955 | _a0 | ||
| 041 | _arus | ||
| 080 | _a141.82 | ||
| 020 | _a5-0250-00661-2 | ||
| 260 |
_aМосква _bПолитиздат _c1989 |
||
| 044 | _aRU | ||
| 250 | _n2-е изд. | ||
| 650 | 7 | _2UDC | |
| 999 |
_c318716 _d318716 |
||